Welcome to CU Library Online Public Access Catalogue (OPAC)

The Evolution of Modern Medicine in a Developing Country: Ghana 1880-1960/ (Record no. 2665)

MARC details
000 -LEADER
fixed length control field 00447nam a22001457a 4500
005 - DATE AND TIME OF LATEST TRANSACTION
control field 20250118133111.0
008 - FIXED-LENGTH DATA ELEMENTS--GENERAL INFORMATION
fixed length control field 250118b |||||||| |||| 00| 0 eng d
020 ## - INTERNATIONAL STANDARD BOOK NUMBER
International Standard Book Number 9781900838054
050 ## - LIBRARY OF CONGRESS CALL NUMBER
Classification number R131 ADD
100 ## - MAIN ENTRY--PERSONAL NAME
Personal name Addae, Stephen
245 ## - TITLE STATEMENT
Title The Evolution of Modern Medicine in a Developing Country: Ghana 1880-1960/
Statement of responsibility, etc. Stephen Addae
260 ## - PUBLICATION, DISTRIBUTION, ETC.
Place of publication, distribution, etc. Edinburgh
Name of publisher, distributor, etc. Durham Academic Press
Date of publication, distribution, etc. 1997
300 ## - PHYSICAL DESCRIPTION
Extent xii. 523p.
Other physical details map
Dimensions 24cm
942 ## - ADDED ENTRY ELEMENTS (KOHA)
Source of classification or shelving scheme Library of Congress Classification
Koha item type Books
Suppress in OPAC No
999 ## -
-- 2665
-- 2665
Holdings
Withdrawn status Lost status Source of classification or shelving scheme Damaged status Not for loan Collection Home library Current library Shelving location Date acquired Total checkouts Full call number Barcode Date last seen Copy number Price effective from Koha item type
    Library of Congress Classification     Non-fiction Science Library (Miotso) Science Library (Miotso) General stacks 01/18/2025   R131 ADD SLM00002003 01/18/2025 1 01/18/2025 Books
    Library of Congress Classification     Non-fiction Science Library (Miotso) Science Library (Miotso) General stacks 01/18/2025   R131 ADD SLM00002004 01/18/2025 2 01/18/2025 Books
© 2023-2024 Copyright: Central University Libraries. All Rights Reserved | Created by: Mahone Tech Office